000 02028cam a2200493 a 4500
001 2126644
003 Nust
005 20230304112041.0
008 971022s1998 nyua c 000 1 eng
010 _a 97039059
020 _a9781408812846
_cRs. 556
038 _aArshad
040 _aDLC
_cDLC
_dDLC
_dWaU
_dDLC
042 _alcac
050 0 0 _aPZ7.R79835
_bHar 1998
051 _aPZ7.R79835
_bHar 1998 Copy 3
_cIn dust jacket. On verso of t.p.: Printed in the U.S.A. 37.
082 0 0 _a823
_bROW
100 1 _aRowling, J. K.
_911309
240 1 0 _aHarry Potter and the philosopher's stone
245 1 0 _aHarry Potter and the philosopher's stone /
_cby J.K. Rowling ;
250 _a1st American ed.
260 _aNew York :
_bA.A. Levine Books,
_c1997.
300 _a332 p. :
_c24 cm.
500 _a"Year 1"--Spine.
500 _aSequel: Harry Potter and the Chamber of Secrets.
520 _aRescued from the outrageous neglect of his aunt and uncle, a young boy with a great destiny proves his worth while attending Hogwarts School for Witchcraft and Wizardry.
600 1 0 _aPotter, Harry
_c(Fictitious character)
_vJuvenile fiction.
_911310
650 0 _aGranger, Hermione (Fictitious character)
_vJuvenile fiction.
_911311
650 0 _aWeasley, Ron (Fictitious character)
_vJuvenile fiction.
_911312
650 0 _aHogwarts School of Witchcraft and Wizardry (Imaginary organization)
_vJuvenile fiction.
_911313
650 0 _aWizards
_vJuvenile fiction.
_911314
650 0 _aMagic
_vJuvenile fiction.
_911064
650 0 _aSchools
_vJuvenile fiction.
_911315
650 1 _aWizards
_vFiction.
_911316
650 1 _aMagic
_vFiction.
_911069
650 1 _aSchools
_vFiction.
_96715
651 0 _aEngland
_vJuvenile fiction.
_911317
651 1 _aEngland
_vFiction.
_91072
700 1 _aGrandPré, Mary,
_eill.
_911318
906 _a7
_bcbc
_corignew
_d1
_eocip
_f19
_gy-gencatlg
942 _2ddc
_cBK
999 _c234515
_d234515